000 01233nam a2200265 i 4500
001 189012
003 ES-MaACL
005 20250812060045.0
008 190320s2017 sp c |||| |dspa d
100 1 _aLeguina, Enrique de.
_971312
245 1 0 _aEpistolario de Enrique de Leguina en la Biblioteca de Menéndez Pelayo /
_cRosa Fernández Lera y Andrés del Rey Sayagués, editores.
246 3 _iTít. del folleto
_aTractado de los muy señores Barones de la Vega de Hoz
260 _aSantander :
_bBiblioteca de Menéndez Pelayo,
_c2017.
300 _a52 p. :
_b1 retr. autor ;
_c22 cm +
_e1 folleto ([12] p.)
490 1 _aDe re bibliographica. Menéndez Pelayo y su biblioteca ;
_v11
501 _aCon: Tractado de los muy señores Barones de la Vega de Hoz / José Gestoso Pérez (reprod. del original de 1891)
504 _aBibliografía: p. 40-50.
600 1 4 _aLeguina, Enrique de-
_vCorrespondencia.
_9166630
700 1 _aFernández Lera, Rosa
_9145689
700 1 _aRey Sayagués, Andrés del.
_9145690
710 2 _aBiblioteca Menéndez y Pelayo.
_9149029
830 0 _aDe re bibliographica. Menéndez Pelayo y su biblioteca
_v11
_9190448
852 _aES-MaACL
_j2338-F-19
999 _c189012
_d189012